000 01065nam0a22002891 4500
001 rc\4087095
005 20130415160050.1
021 _aRU
_b[54-35296]
035 _a(NLR Aleph) 008129607
090 _a9415331
_c9415331
100 _a20130415d1954 |||y0rusy50 ca
101 0 _arus
102 _aRU
105 _ay j |||||
200 1 _aМатериал к лекции на тему "Степной Алтай"
_fВсесоюз. о-во по распространению полит. и науч. знаний
210 _aМосква
_cБ. и.
_d1954
215 _a38 с.
_d20
300 _aПеред загл. авт.: канд. геогр. наук М.И. Помус
320 _aБиблиогр: с. 37
333 _aНа правах рукописи
607 _aАлтайский край
_xЭкономическая география
_2psbo
700 1 _aПомус
_bМ. И.
_f1889-
_gМоисей Исаакович
801 0 _aRU
_bNLR
_gpsbo
801 1 _aRU
_bELAR
_2rusmarc
852 _aNLR
_jГ20 Г-4/290
942 _cBOOK
980 _aNB